Obra poética

Guardado en:
Bibliografiske detaljer
Hovedforfatter: Vallejo, César
Format: Bog
Sprog:Undetermined
Udgivet: París, Francia ALLCA XX 1996
Udgivelse:2
Fag:
Tags: Tilføj Tag
Ingen Tags, Vær først til at tagge denne postø!

MARC

LEADER 00000nam a2200000Ia 4500
008 170316s9999 xx 000 0 und d
040 |a cru BVZT 
090 |a AR 34 
100 |a Vallejo, César 
245 |a Obra poética 
250 |a 2 
260 |a París, Francia 
260 |b ALLCA XX 
260 |c 1996 
300 |a 760 páginas 
650 |a COLECCIÓN ARCHIVOS 
650 |a LITERATURA LATINOAMERICANA 
942 |c SALA 
999 |c 12656  |d 12656